书目信息 |
| 题名: |
数学模型
|
|
| 作者: | 任善强 编 | |
| 分册: | ||
| 出版信息: | 重庆 重庆大学出版社 1987 |
|
| 页数: | 227页 | |
| 开本: | 19cm | |
| 丛书名: | ||
| 单 册: | ||
| 中图分类: | O22 , O141.4 | |
| 科图分类: | ||
| 主题词: | 数学模型 , 数理逻辑 , 数学基础 | |
| 电子资源: | ||
| ISBN: | 7-5624-0027-X | |
| 000 | 00680nam0 2200265 45 | |
| 001 | 0187008307 | |
| 005 | 20040513082215.8 | |
| 010 | @a7-5624-0027-X@dCNY1.25 | |
| 100 | @a19900808d1987 em y0chiy0121 ea | |
| 101 | 0 | @achi |
| 102 | @aCN@b510000 | |
| 105 | @ay z 000yy | |
| 106 | @ar | |
| 200 | 10 | @a数学模型@Ashu xue mo xing@f任善强编 |
| 210 | @a重庆@c重庆大学出版社@d1987 | |
| 215 | @a227页@d19cm | |
| 606 | @a数学模型 | |
| 606 | 0 | @a数理逻辑 |
| 606 | 0 | @a数学基础 |
| 690 | @aO22@v3 | |
| 690 | @aO141.4 | |
| 701 | 0 | @a任善强@Aren shan qiang@4编 |
| 801 | 0 | @aCN@b深圳图书馆@c20040513 |
| 801 | 2 | @aCN@bNLC@c20040513 |
| 905 | @f2@b205421-422@f1@b205424@dO141.4@e36 | |
| 数学模型/任善强编.-重庆:重庆大学出版社,1987 |
| 227页;19cm |
| ISBN 7-5624-0027-X:CNY1.25 |
| ● |
| 相关链接 |
|
|
|
|
正题名:数学模型
索取号:O141.4/36
 
预约/预借
| 序号 | 登录号 | 条形码 | 馆藏地/架位号 | 状态 | 备注 |
| 1 | 0205421 | 000409551 | 第三借阅区/ [索取号:O141.4/36] | 在馆 | |
| 2 | 0205422 | 000409542 | 第三借阅区/ [索取号:O141.4/36] | 在馆 | |
| 3 | 0205424 | 000409560 | 第三借阅区/ [索取号:O141.4/36] | 在馆 | |
| 4 | 0205425 | 000409533 | 第二样本阅览室/ [索取号:O141.4/36] | 在馆 |